000 00770nam a22002532 4500
001 8926
003 BD-RjUL
005 20211208234700.0
008 140119s1956 enkb 000 0 engdd
020 _a0713110252
035 _a(BD-RjUL)8971
_aOCLC ocm00904299 from D970716M
040 _aSYB
_cSYB
_dUBY
_dUKM
_dEQO
_dBD-RjUL
_beng
041 _aeng
082 0 0 _a526.8076
_bBIM 1956
100 1 _aBirch, T. W.
_q(Thomas William).
_926109
245 1 0 _aMap and photo reading :
_ba graded course /
_cby T. W. Birch.
260 _aLondon :
_bEdward Arnold,
_c1956.
300 _a64 p. :
_billus., maps (part col.)
_c25 cm.
650 0 _aMaps.
_927736
650 0 _aPhotographic interpretation.
_926105
942 _2ddc
_cBK
999 _c8926
_d8926